1160 1145 1299 1264 1572 1517 1872 1464 1072 1227 1665 1747 1449 1220 1888 1120 1348 1454 1088 1088 1087 1086 1508 1610 1532 1940 1594 1220 1099 1505 1300 1036 1892 1295 1209 1641 1990 1256 1277 1078 1703 1005 1704 1339 1666 1791 1469 1614 1317 1341 1293 1824 1710 1780 1946 1795 1877 1945 1025 1383 1127 1658 1001 1958 1182 1846 1281 1758 1749 1977 1397 1342 1572 1853 1569 1289 1409 1293 1220 1730 1550 1878 1244 1822 1173 1687 1570 1843 1314 1740 1932 1579 1977 1752 1122 1599 1055 1503 1111 BCNSPRNW ULIB Ver.6.0+V

เปลี่ยนเป็นภาษาไทย

Change to English
 แสดงรายละเอียดบรรณานุกรม
  กลับหน้าหลัก

Brief Record : Get Marc (ISO 2709) : E-mail record : QR code < ปิดหน้าต่าง
LEADER : 00000nam 2200000uu 4500
001    13399121713
003     ULIB
008    121130s||||||||th 000 0 tha d
020    ^a9749751027
060 04 ^aWD300^bล145ภ 2549
100 0  ^aลลิตา ธีระสิริ
245 10 ^aภูมิแพ้ในเด็กรักษาเองได้ /^cลลิตา ธีระสิริ ; บรรณาธิการ,ธนาภร โรจนทัพพะ
250    ^aพิมพ์ครั้งที่ 1
260    ^aกรุงเทพฯ :^bรวมทรรศน์,^c2549
300    ^a136 หน้า :^bภาพประกอบ ;^c21 ซม. +^eซีดีรอม 1 แผ่น
440  0 ^aชุดธรรมชาติบำบัดและรักษาตนเอง
650  7 ^aภูมิแพ้^xในวัยทารกและวัยเด็ก
650  7 ^aเด็ก^xโรค
700 0  ^aธนาภร โรจนทัพพะ,^eบรรณาธิการ
945    ^p164^l0^i14148
995    ^aกัณชพร
999 ^a ใช้งานได้ทุกระบบ
รายการนี้ยังไม่มีแท็ก
คุณยังไม่ได้ล็อกอิน คุณสามารถมีกิจกรรมร่วมกับเว็บไซต์ได้ แต่ต้องล็อกอินก่อน ::
  ล็อกอิน

รายการสื่อสารสนเทศ

ลำดับที่ ประเภท เลขเรียก/บาร์โค้ด สถานที่ สถานะ
1. วิทยาศาสตร์การแพทย์ และสุขภาพ
วิทยาศาสตร์การแพทย์ และสุขภาพ
WD300 ล145ภ 2549  
  Barcode: 14148
ห้องสมุดวิทยาเขตสวรรค์ประชารักษ์
►หนังสือทั่วไป
บนชั้น

รายการใกล้เคียง
    ผู้แต่ง [ลลิตา ธีระสิริ]

BibComment


ยังไม่เคยถูกคอมเมนท์

คอมเมนท์ทรัพยากรรายการนี้
  คอมเมนท์: ภูมิแพ้ในเด็กรัก..


 Copyright 2026. Bcnsprnw @Library